[Event "Czech Chess Christmas 2011"]
[Site "Litomysl"]
[Date "2011.12.29"]
[Round "5.8"]
[White "Novotny, Michal"]
[Black "Dzikowski, Michal"]
[Result "1/2-1/2"]
[WhiteElo "2337"]
[BlackElo "1764"]
[PlyCount "135"]
[EventDate "2011.12.26"]

1. d4 Nf6 2. Bg5 d6 3. Nc3 Nbd7 4. Qd3 c5 5. O-O-O a6 6. Ne4 cxd4 7. Bxf6 gxf6
8. Qxd4 Qb6 9. e3 Qxd4 10. exd4 d5 11. Nc3 e6 12. Re1 Bh6+ 13. Kd1 Kd8 14. Nf3
Kc7 15. Bd3 Kd6 16. g3 b5 17. Nh4 Nb6 18. f4 Bd7 19. Nb1 Bg7 20. Nd2 f5 21.
Nhf3 f6 22. Nb3 Na4 23. Kc1 Rhc8 24. Re3 Ra7 25. Rhe1 Rd8 26. Kb1 Bc8 27. Bf1
Bf8 28. Rd1 Be7 29. Ne1 Kc7 30. Nd3 Kb6 31. Rde1 Rc7 32. Bg2 Bf8 33. Bf3 Rg7
34. Bh5 Kc7 35. Ndc5 Nxc5 36. Nxc5 Bxc5 37. Rc3 Kd6 38. Rxc5 Rc7 39. b4 Re7 40.
Bf3 Bb7 41. Rd1 Rg8 42. Kb2 Bc6 43. Rd3 Ra7 44. Rdc3 Rc7 45. Bh5 Rgc8 46. g4
fxg4 47. Bxg4 f5 48. Bh5 Rg8 49. Bf7 Rgc8 50. Bh5 Rg8 51. Rh3 Rcg7 52. Bf3 Ra7
53. Rh6 Rg6 54. Rh3 Rgg7 55. Be2 Rg2 56. Bd3 Rg4 57. Rh6 Rg6 58. Rh4 Rg4 59.
Rxg4 fxg4 60. f5 exf5 61. Bxf5 h5 62. Rc3 Rg7 63. Rg3 Bd7 64. Bxd7 Kxd7 65. Kc1
Ke6 66. Kd2 Kf5 67. Ke3 Rc7 68. Kd3 1/2-1/2

[Event "Czech Chess Christmas 2011"]
[Site "Litomysl"]
[Date "2011.12.29"]
[Round "5.10"]
[White "Starek, Stanislav"]
[Black "Jasny, Stanislav"]
[Result "0-1"]
[WhiteElo "1995"]
[BlackElo "2348"]
[PlyCount "66"]
[EventDate "2011.12.26"]

1. d4 Nf6 2. c4 e6 3. Nc3 Bb4 4. e3 O-O 5. g3 d5 6. Qb3 c5 7. Bg2 Nc6 8. dxc5
Qa5 9. cxd5 exd5 10. Nge2 Be6 11. Nd4 Qxc5 12. Nxe6 fxe6 13. O-O Na5 14. Qd1
Bxc3 15. bxc3 Nc4 16. Qd4 Rac8 17. Rb1 b6 18. Rd1 Qa5 19. a3 Qa4 20. Rd2 Rc5
21. Rb4 Qc6 22. Re2 e5 23. Qh4 a5 24. Rb1 Qa4 25. Rd2 e4 26. Rbb2 Nxd2 27. Bxd2
Qd1+ 28. Bf1 Ng4 29. f4 exf3 30. Rxb6 Qxd2 31. Qxg4 Qxe3+ 32. Kh1 Rxc3 33. Rb7
Qe5 0-1

[Event "Czech Chess Christmas 2011"]
[Site "Litomysl"]
[Date "2011.12.29"]
[Round "5.11"]
[White "Sokolski, Aleksander"]
[Black "Kastner, Oldrich"]
[Result "0-1"]
[WhiteElo "1916"]
[BlackElo "2137"]
[PlyCount "66"]
[EventDate "2011.12.26"]

1. c4 Nf6 2. Nc3 e6 3. d4 Bb4 4. Bg5 h6 5. Bh4 g5 6. Bg3 Ne4 7. Qc2 f5 8. a3
Bxc3+ 9. bxc3 d6 10. e3 Nd7 11. Bd3 Ndf6 12. f3 Nxg3 13. hxg3 Qe7 14. Ne2 Bd7
15. e4 fxe4 16. Bxe4 Nxe4 17. Qxe4 Bc6 18. Qg6+ Qf7 19. Rxh6 Qxg6 20. Rxh8+ Kd7
21. Rxa8 g4 22. Rf8 Qh6 23. Rg8 Qh1+ 24. Kf2 Qxa1 25. Rxg4 Ba4 26. d5 e5 27. f4
Bd1 28. fxe5 dxe5 29. c5 Qa2 30. Rg7+ Ke8 31. Rxc7 Bxe2 32. d6 Bb5+ 33. Kg1 Bc6
0-1

[Event "Czech Chess Christmas 2011"]
[Site "Litomysl"]
[Date "2011.12.29"]
[Round "5.12"]
[White "Kowalczyk, Rafal"]
[Black "Krupa, Krzysztof"]
[Result "1-0"]
[WhiteElo "2130"]
[BlackElo "2025"]
[PlyCount "135"]
[EventDate "2011.12.26"]

1. c4 e5 2. Nc3 Nc6 3. g3 d6 4. Bg2 Be6 5. d3 g6 6. Rb1 Bg7 7. b4 Qd7 8. b5 Nd8
9. h4 f5 10. Nd5 c6 11. bxc6 bxc6 12. Nb4 Rb8 13. Bg5 e4 14. dxe4 Rxb4 15. Rxb4
Bc3+ 16. Bd2 Bxb4 17. Bxb4 Ne7 18. exf5 Nxf5 19. e4 Ng7 20. Bh3 Nf7 21. Bc3 O-O
22. Qd3 Re8 23. Kf1 Bg4 24. c5 Bxh3+ 25. Nxh3 Qe6 26. Qd4 Qe5 27. Qxe5 dxe5 28.
Kg2 Ne6 29. Bb4 Rd8 30. f3 Rd4 31. Rb1 Rc4 32. Nf2 Rc2 33. a3 g5 34. hxg5 Nfxg5
35. Rd1 Nd4 36. Rd3 Nge6 37. Rc3 Ra2 38. Kf1 Ng5 39. f4 exf4 40. gxf4 Rxf2+ 41.
Kxf2 Nxe4+ 42. Ke3 Nxc3 43. Kxd4 Nd5 44. Ke5 Kf7 45. Be1 h5 46. Bh4 Ne7 47. f5
a6 48. a4 a5 49. Bg5 Nd5 50. Kd6 Nc3 51. Kxc6 Nxa4 52. Kd6 Nc3 53. c6 a4 54.
Kc5 Ne4+ 55. Kb4 Nd6 56. c7 Ke8 57. Bf4 Nc8 58. Kxa4 Kd7 59. Kb5 h4 60. Kc5 h3
61. Kd5 Ne7+ 62. Ke4 Nc6 63. f6 Na7 64. Kf5 Nb5 65. f7 Nd4+ 66. Kf6 Ne6 67.
c8=Q+ Kxc8 68. Kxe6 1-0

[Event "Czech Chess Christmas 2011"]
[Site "Litomysl"]
[Date "2011.12.29"]
[Round "5.14"]
[White "Vrana, Frantisek"]
[Black "Kowalczyk, Mariusz"]
[Result "1/2-1/2"]
[WhiteElo "2245"]
[BlackElo "1829"]
[PlyCount "44"]
[EventDate "2011.12.26"]

1. e4 e6 2. d4 d5 3. Nc3 dxe4 4. Nxe4 Nd7 5. Bd3 Ngf6 6. Qe2 c5 7. Nxc5 Nxc5 8.
dxc5 Bxc5 9. Nf3 O-O 10. Bg5 Be7 11. O-O-O Qc7 12. Kb1 a5 13. Ne5 a4 14. Rhe1
a3 15. b3 Nd5 16. Bd2 Nc3+ 17. Bxc3 Qxc3 18. Nc4 Bf6 19. Kc1 g6 20. f4 Qa1+ 21.
Kd2 Qc3+ 22. Kc1 Qa1+ 1/2-1/2

[Event "Czech Chess Christmas 2011"]
[Site "Litomysl"]
[Date "2011.12.29"]
[Round "5.15"]
[White "Balacek, Tadeas"]
[Black "Navratil, Jiri"]
[Result "0-1"]
[WhiteElo "2235"]
[BlackElo "2074"]
[PlyCount "58"]
[EventDate "2011.12.26"]

1. c4 e5 2. Nc3 Nc6 3. g3 f5 4. Bg2 d6 5. d3 g6 6. Nf3 Bg7 7. O-O Nf6 8. Rb1
O-O 9. b4 h6 10. b5 Ne7 11. a4 Rb8 12. a5 b6 13. axb6 axb6 14. Bb2 g5 15. Ra1
Bb7 16. Ra7 Qe8 17. Qb3 Kh8 18. Nd2 Bxg2 19. Kxg2 Rc8 20. Nd5 Nexd5 21. cxd5
Qh5 22. f3 f4 23. h3 fxg3 24. Qc4 Qf7 25. e4 Nh5 26. Rh1 Qf4 27. Qc1 Qh4 28.
Qe1 Nf4+ 29. Kg1 g2 0-1

[Event "Czech Chess Christmas 2011"]
[Site "Litomysl"]
[Date "2011.12.29"]
[Round "5.26"]
[White "Chladek, Vaclav"]
[Black "Schaffer, Ondrej"]
[Result "1-0"]
[WhiteElo "2035"]
[BlackElo "1736"]
[PlyCount "39"]
[EventDate "2011.12.26"]

1. e4 c6 2. d4 d5 3. exd5 cxd5 4. Bd3 Nc6 5. c3 Nf6 6. Bf4 Qb6 7. Qb3 Qxb3 8.
axb3 a6 9. b4 Ra7 10. Nf3 Bd7 11. Nbd2 e6 12. O-O Be7 13. Ra2 Bxb4 14. cxb4
Nxb4 15. Ra3 Nxd3 16. Rxd3 Bb5 17. Rc3 Bxf1 18. Rc8+ Ke7 19. Rxh8 Bb5 20. Bb8
1-0

[Event "Czech Chess Christmas 2011"]
[Site "Litomysl"]
[Date "2011.12.29"]
[Round "6.2"]
[White "Svana, Peter"]
[Black "Bulski, Krzysztof"]
[Result "0-1"]
[WhiteElo "2258"]
[BlackElo "2519"]
[PlyCount "94"]
[EventDate "2011.12.26"]

1. Nf3 Nf6 2. c4 e6 3. g3 d5 4. d4 dxc4 5. Qc2 b5 6. a4 c6 7. Bg2 Bb7 8. O-O
Nbd7 9. Nc3 a6 10. Rd1 Be7 11. e4 O-O 12. h3 Qb6 13. Be3 c5 14. d5 exd5 15.
Nxd5 Nxd5 16. exd5 Rad8 17. d6 Bf6 18. Ng5 Bxg5 19. Bxg5 f6 20. a5 Qa7 21. Bxb7
Qxb7 22. Be3 Rfe8 23. Qd2 Ne5 24. Qd5+ Qxd5 25. Rxd5 Nd3 26. b3 Nb4 27. Rxc5
cxb3 28. Rb1 Rxd6 29. Rxb3 Nc6 30. Ra3 Ne5 31. Rc7 Nc4 32. Rc3 Nxa5 33. R3c5
Rde6 34. Ra7 R8e7 35. Ra8+ Re8 36. Ra7 R8e7 37. Ra8+ Kf7 38. h4 Nc4 39. Bf4 Ne5
40. h5 g5 41. Bxe5 fxe5 42. Rcc8 Rb6 43. Rg8 b4 44. Raf8+ Ke6 45. Rc8 b3 46.
Rc1 b2 47. Rb1 Rc7 0-1

[Event "Czech Chess Christmas 2011"]
[Site "Litomysl"]
[Date "2011.12.29"]
[Round "6.3"]
[White "Krupa, Monika"]
[Black "Kanovsky, David"]
[Result "1/2-1/2"]
[WhiteElo "2235"]
[BlackElo "2453"]
[PlyCount "154"]
[EventDate "2011.12.26"]

1. e4 c5 2. Nf3 e6 3. c3 d5 4. e5 Nc6 5. d4 Bd7 6. a3 c4 7. h4 Na5 8. Nbd2 Bc6
9. Ng5 Qd7 10. g3 h6 11. Nh3 Ba4 12. Qe2 Bc2 13. Nxc4 Nb3 14. Qxc2 Nxa1 15. Qb1
Nb3 16. Ne3 O-O-O 17. Nf4 Ne7 18. Bd3 h5 19. O-O Kb8 20. Qc2 Nxc1 21. Rxc1 g6
22. Nh3 Nc6 23. Ng5 Rc8 24. Qd1 Bh6 25. f4 Bxg5 26. fxg5 Qc7 27. Rc2 Qb6 28.
Qf3 Nxd4 29. cxd4 Qxd4 30. Rd2 Qxe5 31. Qf4 Rc1+ 32. Kg2 Qxf4 33. gxf4 Kc7 34.
Nc2 Kd6 35. Nd4 a6 36. Nf3 Rhc8 37. Ne5 Ke7 38. Re2 R8c7 39. Nf3 Kd6 40. Ne5
Rd1 41. Bc2 Ra1 42. Bd3 b5 43. Rd2 Ke7 44. Re2 Rc5 45. Nf3 Rc7 46. f5 gxf5 47.
Bxf5 Kd6 48. Bh3 Rac1 49. g6 R1c2 50. Nd2 fxg6 51. Rxe6+ Kc5 52. Re2 Kd4 53.
Kg3 Rxb2 54. Nf3+ Kc3 55. Re3+ Kc2 56. Be6 Rc3 57. Re1 Rxa3 58. Bxd5 Rb4 59.
Be4+ Kb3 60. Re3+ Kb2 61. Re2+ Kb3 62. Re3+ Kb2 63. Re2+ Ka1 64. Kf4 Rc3 65.
Ke5 Rxf3 66. Bxf3 Rxh4 67. Bd5 Kb1 68. Ba2+ Ka1 69. Bd5 b4 70. Ra2+ Kb1 71.
Rxa6 g5 72. Kf5 Rd4 73. Ba2+ Kb2 74. Kxg5 b3 75. Bxb3 Kxb3 76. Kxh5 Ra4 77.
Rxa4 Kxa4 1/2-1/2

[Event "Czech Chess Christmas 2011"]
[Site "Litomysl"]
[Date "2011.12.29"]
[Round "6.6"]
[White "Zeberski, Jakub"]
[Black "Pulpan, Jakub"]
[Result "1-0"]
[WhiteElo "2360"]
[BlackElo "1988"]
[PlyCount "141"]
[EventDate "2011.12.26"]

1. e4 c5 2. Nf3 e6 3. d4 cxd4 4. Nxd4 a6 5. c4 Nf6 6. Nc3 d6 7. Qe2 Be7 8. g4
Nc6 9. Nxc6 bxc6 10. g5 Nd7 11. h4 a5 12. Be3 Ba6 13. f4 d5 14. O-O-O Bxc4 15.
Qf2 Bxf1 16. Rhxf1 f5 17. gxf6 Nxf6 18. Qg2 Qd7 19. f5 exf5 20. Qxg7 Rg8 21.
Qh6 Rg6 22. Qf4 Nxe4 23. Nxe4 Rg4 24. Qh6 Rxe4 25. Bb6 Qe6 26. Qxh7 Rxh4 27.
Qg7 Rg4 28. Qh8+ Rg8 29. Qh5+ Qg6 30. Qh2 Bd6 31. Qh3 Qg4 32. Qh7 Rg7 33. Qh8+
Rg8 34. Qc3 Kd7 35. Rh1 Rge8 36. Kb1 Re7 37. Rc1 Qa4 38. Rh6 Qe4+ 39. Ka1 Rc8
40. Qxa5 Qf4 41. Rhh1 Bc7 42. Qa7 Rb8 43. Bd4 Qe4 44. Qc5 Qe6 45. Qc3 Rbe8 46.
a3 f4 47. Bc5 Bd6 48. Bf2 Be5 49. Bd4 Bxd4 50. Qxd4 Qd6 51. Rhd1 Re4 52. Qa7+
Ke6 53. Rh1 Rf8 54. Qg7 Qe7 55. Rxc6+ Kd7 56. Qc3 Rc4 57. Rxc4 dxc4 58. Rd1+
Ke8 59. Re1 f3 60. Rxe7+ Kxe7 61. Qb4+ Ke8 62. Qb5+ Kf7 63. Qxc4+ Kg6 64. Qg4+
Kh6 65. Qh4+ Kg6 66. Qf2 Kg5 67. Kb1 Kg4 68. Kc2 Re8 69. Kd2 Rd8+ 70. Ke1 Rd3
71. Qc2 1-0

[Event "Czech Chess Christmas 2011"]
[Site "Litomysl"]
[Date "2011.12.29"]
[Round "6.7"]
[White "Dzikowski, Michal"]
[Black "Jasny, Stanislav"]
[Result "0-1"]
[WhiteElo "1764"]
[BlackElo "2348"]
[PlyCount "116"]
[EventDate "2011.12.26"]

1. Nf3 c5 2. b3 Nf6 3. Bb2 g6 4. e3 Bg7 5. c4 O-O 6. Nc3 Nc6 7. Be2 b6 8. O-O
Bb7 9. Ne1 d5 10. Nxd5 Nxd5 11. Bxg7 Kxg7 12. cxd5 Qxd5 13. Bf3 Qd6 14. Nc2 Ba6
15. Be2 Bd3 16. Ne1 Bxe2 17. Qxe2 Rfd8 18. Nf3 Qd3 19. Qxd3 Rxd3 20. Rfd1 Rad8
21. Kf1 e5 22. Ke2 R3d6 23. d3 f5 24. a3 Kf6 25. Rab1 a5 26. Rd2 g5 27. h3 h5
28. Ne1 Na7 29. a4 Nc6 30. Nc2 Nb4 31. Nxb4 axb4 32. Rbd1 g4 33. hxg4 hxg4 34.
Rh1 Kg5 35. Rhd1 f4 36. Rh1 f3+ 37. gxf3 gxf3+ 38. Kxf3 Rxd3 39. Rb2 Rd2 40.
Rxd2 Rxd2 41. Rb1 Kf5 42. e4+ Kg5 43. Ke3 Rc2 44. Rg1+ Kf6 45. Rb1 Rc3+ 46. Kd2
Kg5 47. Rg1+ Kf4 48. Rg6 Rxb3 49. Rxb6 Kxe4 50. a5 Ra3 51. a6 Kd4 52. Rd6+ Kc4
53. Re6 Ra2+ 54. Kc1 Kc3 55. Kd1 b3 56. Rxe5 Ra1+ 57. Ke2 b2 58. Rxc5+ Kd4 0-1

[Event "Czech Chess Christmas 2011"]
[Site "Litomysl"]
[Date "2011.12.29"]
[Round "6.8"]
[White "Goluch, Piotr"]
[Black "Kowalczyk, Rafal"]
[Result "1-0"]
[WhiteElo "2203"]
[BlackElo "2130"]
[PlyCount "129"]
[EventDate "2011.12.26"]

1. Nf3 Nf6 2. c4 e6 3. g3 d5 4. cxd5 exd5 5. d4 Be7 6. Bg2 O-O 7. O-O b6 8. Nc3
Bb7 9. Bf4 c5 10. Ne5 Ne4 11. Rc1 Na6 12. dxc5 Bxc5 13. Qb3 Nxc3 14. Rxc3 g5
15. Be3 Qd6 16. f4 Bxe3+ 17. Rxe3 Nc5 18. Qd1 f6 19. Ng4 f5 20. Ne5 g4 21. b4
Na6 22. a3 Rad8 23. Rd3 h5 24. Qa4 Nc7 25. Qxa7 Ba8 26. Nc4 Qe7 27. Re3 Qg7 28.
Ne5 d4 29. Rd3 Be4 30. Qxb6 Rf6 31. Rxd4 Rxb6 32. Rxd8+ Ne8 33. Rxe8+ Kh7 34.
Bxe4 fxe4 35. Rd1 Rb7 36. Red8 Qf6 37. R1d6 Qf5 38. Kf2 e3+ 39. Kxe3 Qb1 40.
Rd1 Qb2 41. R8d3 Rc7 42. R1d2 Qa1 43. Ke4 Qh1+ 44. Kf5 Qa8 45. Rd7+ Rxd7 46.
Rxd7+ Kg8 47. b5 Qf8+ 48. Kg6 Qe8+ 49. Kg5 Qe6 50. a4 Qb6 51. e4 Kf8 52. Nc6
Ke8 53. Re7+ Kf8 54. Kxh5 Qc5+ 55. Re5 Qf2 56. Kxg4 Qe2+ 57. Kg5 Qa2 58. a5
Qg8+ 59. Kf5 Qh7+ 60. Ke6 Qg6+ 61. Kd7 Qf7+ 62. Kc8 Qa2 63. a6 Kg7 64. a7 Kf6
65. Rd5 1-0

[Event "Czech Chess Christmas 2011"]
[Site "Litomysl"]
[Date "2011.12.29"]
[Round "6.9"]
[White "Hentze, Markus"]
[Black "Kratochvil, Josef"]
[Result "0-1"]
[WhiteElo "2111"]
[BlackElo "2233"]
[PlyCount "60"]
[EventDate "2011.12.26"]

1. e4 c5 2. Nf3 e6 3. d4 cxd4 4. Nxd4 a6 5. c4 Nf6 6. Nc3 Qc7 7. Bd3 g6 8. Be3
Bg7 9. Rc1 d6 10. O-O Nbd7 11. f4 b6 12. f5 Ne5 13. fxe6 fxe6 14. Be2 O-O 15.
Bf4 Qe7 16. Qb3 Nfd7 17. Rcd1 Bb7 18. c5 Nxc5 19. Qxb6 Rab8 20. Qa5 Nxe4 21.
Nxe4 Bxe4 22. Bg3 h5 23. Qa4 Bd5 24. Rxf8+ Rxf8 25. Qxa6 Qg5 26. Qa3 h4 27.
Nxe6 Bxe6 28. Bf2 Bg4 29. Bxg4 Nxg4 30. Ba7 Qf4 0-1

[Event "Czech Chess Christmas 2011"]
[Site "Litomysl"]
[Date "2011.12.29"]
[Round "6.11"]
[White "Cizinsky, Petr"]
[Black "Ruzicka, Vaclav"]
[Result "1-0"]
[WhiteElo "2162"]
[BlackElo "2065"]
[PlyCount "159"]
[EventDate "2011.12.26"]

1. e4 d5 2. exd5 Qxd5 3. Nc3 Qa5 4. d4 Nf6 5. Nf3 c6 6. Bd2 Qc7 7. Bc4 Bf5 8.
O-O e6 9. Re1 Bd6 10. Bg5 Nbd7 11. Qe2 O-O 12. Bh4 Rfe8 13. Rad1 Nd5 14. Ne4
Bxe4 15. Qxe4 N7f6 16. Qe2 Rac8 17. c3 c5 18. dxc5 Bxc5 19. Bxd5 Nxd5 20. Rxd5
exd5 21. Qxe8+ Rxe8 22. Rxe8+ Bf8 23. Be7 Qxe7 24. Rxe7 Bxe7 25. Nd4 Bc5 26.
Nb3 Bb6 27. Kf1 Kf8 28. Ke2 Ke7 29. f4 Ke6 30. g4 f5 31. h3 h6 32. Nc1 g5 33.
fxg5 hxg5 34. gxf5+ Kxf5 35. Kf3 a5 36. Ne2 Bc5 37. a4 b6 38. b3 Kf6 39. Ng3
Kg6 40. Kg4 d4 41. c4 d3 42. Kf3 d2 43. Ke2 Bb4 44. Nf1 Kh5 45. Nxd2 g4 46.
hxg4+ Kxg4 47. Kd3 Kf4 48. Ne4 Ke5 49. Nc3 Bc5 50. Nd5 Bf2 51. Ne3 Kd6 52. Ke4
Kc5 53. Nd5 Kc6 54. Ke5 Bc5 55. Nc3 Bf8 56. Ne4 Ba3 57. Ke6 Bc5 58. Nf6 Bg1 59.
Nd7 Bc5 60. Ne5+ Kc7 61. Kd5 Ba3 62. Nd3 Bf8 63. c5 bxc5 64. Ne5 Kb7 65. Nc4
Ka6 66. Kc6 Be7 67. Ne5 Bh4 68. Nd7 Be1 69. Nxc5+ Ka7 70. Kb5 Kb8 71. Nd7+ Kb7
72. Ne5 Bd2 73. Nc4 Be1 74. Nxa5+ Ka7 75. Nc6+ Kb7 76. b4 Ka8 77. Ka6 Bf2 78.
b5 Bb6 79. Na5 Bg1 80. b6 1-0

[Event "Czech Chess Christmas 2011"]
[Site "Litomysl"]
[Date "2011.12.29"]
[Round "6.13"]
[White "Kowalczyk, Mariusz"]
[Black "Liuba, Volodymyr"]
[Result "1/2-1/2"]
[WhiteElo "1829"]
[BlackElo "2108"]
[PlyCount "67"]
[EventDate "2011.12.26"]

1. e4 c5 2. Nf3 Nc6 3. c3 d6 4. Be2 Nf6 5. d3 g6 6. O-O Bg7 7. Na3 O-O 8. h3 b6
9. Be3 Bb7 10. Qd2 a6 11. Bh6 b5 12. Bxg7 Kxg7 13. Nc2 Qd7 14. Rfe1 Ne5 15.
Nxe5 dxe5 16. Qg5 Qe6 17. f4 exf4 18. Qxc5 Nd7 19. Qf2 Qb6 20. Nd4 e5 21. Nb3
Qxf2+ 22. Kxf2 Rad8 23. a4 bxa4 24. Rxa4 f5 25. Rea1 Rf6 26. Rb4 Ba8 27. Bf3
fxe4 28. Bxe4 Bxe4 29. dxe4 Rb6 30. Rd1 Rxb4 31. cxb4 Kf7 32. Nc5 Ke7 33. Rd5
Nxc5 34. bxc5 1/2-1/2

[Event "Czech Chess Christmas 2011"]
[Site "Litomysl"]
[Date "2011.12.29"]
[Round "6.14"]
[White "Pekar, Vaclav"]
[Black "Kubik, Michael"]
[Result "1-0"]
[WhiteElo "2170"]
[BlackElo "2048"]
[PlyCount "91"]
[EventDate "2011.12.26"]

1. c4 Nf6 2. Nc3 g6 3. g3 Bg7 4. Bg2 d6 5. d3 c5 6. Bd2 O-O 7. Qc1 Re8 8. Bh6
Nc6 9. h4 Bh8 10. h5 e6 11. hxg6 fxg6 12. Bg5 Qc7 13. Qf4 Rf8 14. Bh6 Rf7 15.
Nf3 Bd7 16. Ng5 Re7 17. Nb5 Qa5+ 18. Kf1 d5 19. Nc3 Nb4 20. Qd6 Rae8 21. a3 Ng4
22. Rb1 Be5 23. axb4 cxb4 24. Qxe7 Rxe7 25. Nxd5 Re8 26. f4 Qc5 27. Ne4 Qd4 28.
Nxb4 Ne3+ 29. Kg1 Nc2+ 30. Kh2 Nxb4 31. fxe5 Qxe5 32. Bh3 Bc6 33. Bf4 Qd4 34.
Bg2 Bxe4 35. Bxe4 Qf2+ 36. Kh3 e5 37. Bd2 Nc6 38. Rh2 Qf6 39. Bd5+ Kg7 40. Kg2
Qd6 41. Rf1 Nd8 42. Bh6+ Kh8 43. Bg5 h5 44. Rf6 Qc7 45. Rxg6 Kh7 46. Be4 1-0

[Event "Czech Chess Christmas 2011"]
[Site "Litomysl"]
[Date "2011.12.29"]
[Round "6.15"]
[White "Galvanek, Ladislav"]
[Black "Vrana, Frantisek"]
[Result "0-1"]
[WhiteElo "2000"]
[BlackElo "2245"]
[PlyCount "88"]
[EventDate "2011.12.26"]

1. d4 Nf6 2. c4 g6 3. Nc3 Bg7 4. e4 d6 5. f4 O-O 6. Nf3 c5 7. d5 e6 8. Be2 exd5
9. cxd5 Re8 10. e5 dxe5 11. fxe5 Ng4 12. Bg5 Qb6 13. O-O Nd7 14. d6 c4+ 15. Kh1
Nf2+ 16. Rxf2 Qxf2 17. Nd5 Nxe5 18. Nc7 Bg4 19. Nxe8 Rxe8 20. Be7 Nc6 21. Bxc4
Nxe7 22. Bxf7+ Kxf7 23. Ng5+ Kf8 24. dxe7+ Rxe7 25. Qd8+ Re8 26. Qd6+ Kg8 27.
Qd5+ Be6 28. Nxe6 Qf7 29. Re1 Bxb2 30. h3 Bc3 31. Re4 Bg7 32. Qb3 Bf8 33. Qe3
Qf1+ 34. Kh2 Bd6+ 35. g3 Qf7 36. a4 Rc8 37. Qe2 Qf6 38. h4 Rc3 39. Nf4 Qf7 40.
Qd2 Qc7 41. Re8+ Kf7 42. Qd5+ Kxe8 43. Qe6+ Qe7 44. Qg8+ Kd7 0-1

[Event "Czech Chess Christmas 2011"]
[Site "Litomysl"]
[Date "2011.12.30"]
[Round "7.1"]
[White "Drozdowski, Kacper"]
[Black "Cerveny, Martin"]
[Result "1/2-1/2"]
[WhiteElo "2314"]
[BlackElo "2347"]
[PlyCount "162"]
[EventDate "2011.12.26"]

1. e4 c5 2. Nf3 d6 3. d4 cxd4 4. Nxd4 Nf6 5. Nc3 a6 6. h3 e6 7. g4 d5 8. exd5
Nxd5 9. Bd2 Bb4 10. Nde2 Nxc3 11. Bxc3 Bxc3+ 12. Nxc3 Qb6 13. Qd2 Qxb2 14. Rb1
Qa3 15. Bg2 O-O 16. O-O Nd7 17. Rb3 Qa5 18. Rfb1 Nc5 19. Rb4 Bd7 20. Rc4 Rac8
21. Qd6 h6 22. Qb6 Qa3 23. Qb4 Qxb4 24. Rcxb4 b5 25. Ne4 Nxe4 26. Bxe4 Rc5 27.
Rd4 Bc6 28. Bxc6 Rxc6 29. a4 bxa4 30. Rxa4 Rd8 31. c4 g5 32. Rba1 Rdd6 33. Kg2
Kg7 34. c5 Rxc5 35. Rxa6 Rxa6 36. Rxa6 Rc4 37. Ra3 Kg6 38. Kg3 Rb4 39. Rc3 h5
40. Ra3 h4+ 41. Kg2 Kf6 42. Rf3+ Ke7 43. Ra3 Rc4 44. Ra5 f6 45. Ra3 Kd6 46. Rf3
Ke5 47. Re3+ Re4 48. Ra3 f5 49. gxf5 exf5 50. Rb3 Re1 51. Rb5+ Kf4 52. Rb4+ Re4
53. Rb8 Ra4 54. Rf8 Ra3 55. Rh8 Ra5 56. Re8 Re5 57. Rh8 Ke4 58. Ra8 Rd5 59.
Ra4+ Kd3 60. Ra3+ Ke2 61. Ra2+ Kd3 62. Ra3+ Kd4 63. Ra4+ Ke5 64. Kf3 Rd3+ 65.
Kg2 f4 66. Ra5+ Ke4 67. Ra4+ Rd4 68. Ra3 Rb4 69. Rc3 Kd4 70. Ra3 Rc4 71. Kf3
Rc1 72. Ra4+ Kd3 73. Ra3+ Kd2 74. Ra2+ Ke1 75. Kg4 Rc5 76. f3 Re5 77. Ra1+ Kf2
78. Ra2+ Kf1 79. Ra1+ Kf2 80. Ra2+ Kf1 81. Ra1+ Kf2 1/2-1/2

[Event "Czech Chess Christmas 2011"]
[Site "Litomysl"]
[Date "2011.12.30"]
[Round "7.3"]
[White "Kanovsky, David"]
[Black "Goluch, Piotr"]
[Result "1-0"]
[WhiteElo "2453"]
[BlackElo "2203"]
[PlyCount "90"]
[EventDate "2011.12.26"]

1. e4 c6 2. d4 d5 3. Nc3 dxe4 4. Nxe4 Bf5 5. Ng3 Bg6 6. h4 h6 7. h5 Bh7 8. Nf3
Nd7 9. Bd3 Bxd3 10. Qxd3 Qc7 11. Bd2 O-O-O 12. O-O-O e6 13. Ne4 Ngf6 14. g3
Nxe4 15. Qxe4 Nf6 16. Qe2 Bd6 17. c4 c5 18. Bc3 a6 19. Kb1 Qe7 20. dxc5 Bxc5
21. Ne5 Rxd1+ 22. Rxd1 Rd8 23. Rc1 Nd7 24. Ba5 Qg5 25. Bxd8 Qxe5 26. Qxe5 Nxe5
27. Ba5 Bxf2 28. Bc3 Ng4 29. Bxg7 f5 30. Rc3 Kd7 31. b4 Be1 32. Rd3+ Kc6 33.
Bf8 Kc7 34. a3 e5 35. Rf3 f4 36. gxf4 e4 37. Rf1 Bd2 38. Rg1 Nf6 39. Bxh6 Nxh5
40. Kc2 Bxf4 41. Bxf4+ Nxf4 42. Rg4 Ne6 43. Rxe4 Nd8 44. Kc3 a5 45. b5 b6 1-0

[Event "Czech Chess Christmas 2011"]
[Site "Litomysl"]
[Date "2011.12.30"]
[Round "7.4"]
[White "Jasny, Stanislav"]
[Black "Krupa, Monika"]
[Result "1/2-1/2"]
[WhiteElo "2348"]
[BlackElo "2235"]
[PlyCount "91"]
[EventDate "2011.12.26"]

1. Nf3 Nf6 2. c4 e6 3. g3 d5 4. Bg2 dxc4 5. Qa4+ Nbd7 6. Qxc4 c5 7. O-O a6 8.
Qc2 b5 9. b3 Bb7 10. Bb2 Be7 11. a4 O-O 12. axb5 axb5 13. Rxa8 Qxa8 14. Nc3 Bc6
15. Ra1 Qb7 16. d3 Ra8 17. Qc1 b4 18. Nd1 Bd5 19. Ne1 h6 20. Ne3 Bxg2 21. N1xg2
Nd5 22. Nxd5 Qxd5 23. Ne3 Rxa1 24. Qxa1 Qxb3 25. Bxg7 Qa3 26. Nc4 Qxa1+ 27.
Bxa1 Bf6 28. Bxf6 Nxf6 29. Kf1 Kf8 30. Ke1 Ke7 31. Kd2 Nd5 32. Na5 Nc7 33. Nb7
Na6 34. Kc2 Kd7 35. Kb3 Kc7 36. Na5 Nb8 37. Kc4 Kb6 38. Nb3 Nd7 39. d4 cxd4 40.
Nxd4 Ne5+ 41. Kxb4 Ng4 42. f3 Nxh2 43. g4 Nf1 44. Kc4 Ng3 45. Kd3 h5 46. gxh5
1/2-1/2

[Event "Czech Chess Christmas 2011"]
[Site "Litomysl"]
[Date "2011.12.30"]
[Round "7.5"]
[White "Burdalev, Kirill"]
[Black "Svana, Peter"]
[Result "1-0"]
[WhiteElo "2314"]
[BlackElo "2258"]
[PlyCount "113"]
[EventDate "2011.12.26"]

1. Nf3 Nf6 2. c4 g6 3. Nc3 Bg7 4. e4 d6 5. d4 O-O 6. Be2 c5 7. O-O Bg4 8. d5 e6
9. h3 Bxf3 10. Bxf3 exd5 11. exd5 Nbd7 12. Be3 h6 13. Qd2 Kh7 14. Kh2 a6 15. a4
Ne8 16. Be2 f5 17. f4 Ndf6 18. g3 Nc7 19. a5 Rb8 20. Bd3 b6 21. axb6 Rxb6 22.
Ra2 Re8 23. Re1 h5 24. Qc2 Kh8 25. Bf2 Rxe1 26. Bxe1 h4 27. g4 fxg4 28. Bxh4
Qe7 29. Bxg6 Qe3 30. Bg3 gxh3 31. Kxh3 Qf3 32. Qd1 Qe3 33. Qe2 Qxe2 34. Nxe2
Rb4 35. Be1 Rxc4 36. Bd3 Re4 37. Bxe4 Nxe4 38. Bc3 Nxc3 39. bxc3 Nxd5 40. Rxa6
Bf8 41. Kg4 Kg7 42. Ra7+ Kf6 43. Ng3 Nxc3 44. Nh5+ Ke6 45. f5+ Ke5 46. Rf7 Bh6
47. Re7+ Kd4 48. Re6 Bf8 49. Re8 Bh6 50. Rh8 Bd2 51. f6 Bg5 52. Kxg5 Ne4+ 53.
Kf4 Nxf6 54. Nxf6 c4 55. Rd8 c3 56. Rxd6+ Kc4 57. Ke3 1-0

[Event "Czech Chess Christmas 2011"]
[Site "Litomysl"]
[Date "2011.12.30"]
[Round "7.7"]
[White "Novotny, Michal"]
[Black "Kastner, Oldrich"]
[Result "1-0"]
[WhiteElo "2337"]
[BlackElo "2137"]
[PlyCount "51"]
[EventDate "2011.12.26"]

1. e4 Nf6 2. e5 Nd5 3. d4 d6 4. Nf3 Bg4 5. Be2 c6 6. c4 Bxf3 7. Bxf3 Nb6 8. Qe2
dxe5 9. dxe5 e6 10. b3 N8d7 11. O-O Qc7 12. Bb2 Be7 13. Be4 O-O-O 14. Bc2 Nf8
15. a4 Nbd7 16. Bc3 Ng6 17. f4 a5 18. Nd2 Nc5 19. Kh1 Na6 20. Ne4 h6 21. Rac1
Nh4 22. Nd6+ Rxd6 23. exd6 Bxd6 24. Qe1 Qe7 25. Bxa5 g5 26. f5 1-0

[Event "Czech Chess Christmas 2011"]
[Site "Litomysl"]
[Date "2011.12.30"]
[Round "7.8"]
[White "Kratochvil, Josef"]
[Black "Zakharchenko, Arnold"]
[Result "0-1"]
[WhiteElo "2233"]
[BlackElo "2233"]
[PlyCount "73"]
[EventDate "2011.12.26"]

1. e4 e6 2. d3 d5 3. Nd2 Nf6 4. Ngf3 Nc6 5. g3 dxe4 6. dxe4 e5 7. Bg2 Bc5 8.
O-O O-O 9. c3 a5 10. h3 Qe7 11. Qc2 b6 12. Re1 Ba6 13. Nh4 Rfd8 14. Bf1 Qd7 15.
Bxa6 Qxh3 16. Nf5 Ng4 17. Nf3 Rxa6 18. Re2 g6 19. Ne3 Raa8 20. Nf1 h5 21. Be3
Nxe3 22. Nxe3 Rd6 23. Rd1 Rad8 24. Rxd6 Rxd6 25. a3 Bxe3 26. Rxe3 Qd7 27. b4
axb4 28. axb4 Qe6 29. Rd3 Qc4 30. Rxd6 cxd6 31. Nd2 Qe2 32. Qa2 Ne7 33. Qa8+
Kg7 34. Nf1 Ng8 35. Qd5 Nf6 36. Qd2 Qxd2 37. Nxd2 0-1

[Event "Czech Chess Christmas 2011"]
[Site "Litomysl"]
[Date "2011.12.30"]
[Round "7.9"]
[White "Kowalczyk, Rafal"]
[Black "Niemers, Johannes"]
[Result "1-0"]
[WhiteElo "2130"]
[BlackElo "2011"]
[PlyCount "65"]
[EventDate "2011.12.26"]

1. d4 d5 2. c4 e6 3. Nc3 Nf6 4. cxd5 exd5 5. Bg5 Be7 6. e3 c6 7. Bd3 h6 8. Bh4
Bg4 9. Qc2 a5 10. f3 Bd7 11. Nge2 Na6 12. a3 Nh5 13. Bf2 Nc7 14. Rd1 Qc8 15.
Na4 Rb8 16. Nb6 Qd8 17. g4 Nf6 18. Bg3 Be6 19. Nc3 Nd7 20. Bxc7 Qxc7 21. Ncxd5
Bh4+ 22. Ke2 Bxd5 23. Nxd5 Qd6 24. Nf4 O-O 25. Ng2 Bd8 26. h4 Re8 27. Kf2 Bc7
28. Rh3 Bb6 29. g5 Kf8 30. g6 fxg6 31. Nf4 Ke7 32. Bxg6 Rf8 33. Qe4+ 1-0